Statistics for 2022 NBA Draft

Click here to take the quiz!

General Stats

  • This quiz has been taken 6 times
  • The average score is 33 of 58

Answer Stats

Pick #TeamSchool/ClubPlayer% Correct
2Oklahoma City ThunderGonzagaChet Holmgren
100%
5Detroit PistonsPurdueJaden Ivey
100%
6Indiana PacersArizonaBennedict Mathurin
83%
3Houston RocketsAuburnJabari Smith Jr.
83%
4Sacramento KingsIowaKeegan Murray
83%
1Orlando MagicDukePaolo Banchero
83%
7Portland Trail BlazersKentuckyShaedon Sharpe
83%
16Atlanta HawksDukeAJ Griffin
67%
31Indiana PacersGonzagaAndrew Nembhard
67%
21Denver NuggetsKansasChristian Braun
67%
18Chicago BullsArizonaDalen Terry
67%
23Philadelphia 76ers
(traded to Memphis)
Colorado StateDavid Roddy
67%
8New Orleans PelicansG League IgniteDyson Daniels
67%
13Charlotte Hornets
(traded to Detroit)
MemphisJalen Duren
67%
12Oklahoma City ThunderSanta ClaraJalen Williams
67%
34Oklahoma City ThunderArkansasJaylin Williams
67%
9San Antonio SpursBaylorJeremy Sochan
67%
10Washington WizardsWisconsinJohnny Davis
67%
48Minnesota Timberwolves
(traded to Indiana)
BaylorKendall Brown
67%
20San Antonio SpursOhio StateMalaki Branham
67%
24Milwaukee BucksG League IgniteMarJon Beauchamp
67%
15Charlotte HornetsDukeMark Williams
67%
27Miami HeatMega Mozzart (Serbia)Nikola Jović
67%
14Cleveland CavaliersKansasOchai Agbaji
67%
11New York Knicks
(traded to Oklahoma City)
New Zealand Breakers (Australia)Ousmane Dieng
67%
28Golden State WarriorsMilwaukeePatrick Baldwin Jr.
67%
17Houston RocketsLSUTari Eason
67%
29Memphis Grizzlies
(traded to Houston)
KentuckyTyTy Washington
67%
47Memphis GrizzliesVCUVince Williams Jr.
67%
22Memphis Grizzlies
(traded to Minnesota)
AuburnWalker Kessler
67%
25San Antonio SpursNotre DameBlake Wesley
50%
40Minnesota Timberwolves
(traded to Charlotte)
NebraskaBryce McGowens
50%
32Orlando MagicMichiganCaleb Houstan
50%
33Toronto RaptorsArizonaChristian Koloko
50%
41New Orleans PelicansOhio StateE.J. Liddell
50%
55Golden State WarriorsMinas (Brazil)Gui Santos
50%
58Indiana Pacers
(traded to Milwaukee)
New Zealand Breakers (Australia)Hugo Besson
50%
57Portland Trail BlazersColoradoJabari Walker
50%
37Sacramento Kings
(traded to Dallas)
G League IgniteJaden Hardy
50%
19Minnesota Timberwolves
(traded to Memphis)
Wake ForestJake LaRavia
50%
53Boston CelticsAlabamaJD Davison
50%
38San Antonio Spurs
(traded to Memphis)
TennesseeKennedy Chandler
50%
35Los Angeles LakersMichigan StateMax Christie
50%
30Oklahoma City Thunder
(traded to Denver)
UCLAPeyton Watson
50%
44Atlanta Hawks
(traded to Golden State)
ToledoRyan Rollins
50%
42New York KnicksDukeTrevor Keels
50%
26Dallas Mavericks
(traded to Minnesota)
DukeWendell Moore Jr.
50%
36Portland Trail Blazers
(traded to Detroit)
Fortitudo Bologna (Italy)Gabriele Procida
33%
49Cleveland CavaliersUSCIsaiah Mobley
33%
46Detroit Pistons
(traded to Denver)
Paris Basketball (France)Ismaël Kamagate
33%
45Charlotte Hornets
(traded to Minnesota)
MemphisJosh Minott
33%
39Cleveland CavaliersHerbalife Gran Canaria (Spain)Khalifa Diop
33%
56Cleveland CavaliersPerth Wildcats (Australia)Luke Travers
33%
50Minnesota TimberwolvesVanoli Cremona (Italy)Matteo Spagnolo
33%
43Los Angeles ClippersMichiganMoussa Diabaté
33%
51Golden State Warriors
(traded to Atlanta)
UConnTyrese Martin
33%
52New Orleans PelicansMega Mozzart (Serbia)Karlo Matković
17%
54Washington WizardsUnicaja (Spain)Yannick Nzosa
0%

Score Distribution

Percentile by Number Answered

Percent of People with Each Score

Your Score History

You have not taken this quiz